Konjunkturpolitik Zeitschrift für angewandte Wirtschaftsforschung

Guardado en:
Detalles Bibliográficos
Formato: Seriadas
Lenguaje:alemán
Publicado: Berlin Duncker und Humblot 1975
Etiquetas: Agregar Etiqueta
Sin Etiquetas, Sea el primero en etiquetar este registro!

MARC

LEADER 00000nas2a22000001 4500
001 0010672
005 20250730114257.0
022 |a 0023-3498 
041 0 |a ger 
044 |a DE 
245 1 0 |a Konjunkturpolitik  |b Zeitschrift für angewandte Wirtschaftsforschung 
264 1 |a Berlin  |b Duncker und Humblot  |c 1975 
300 |a 1 zv. 
773 0 |w eu_un_cat*s120489